| 000 | 00798nam a22001697a 4500 | ||
|---|---|---|---|
| 005 | 20250828141312.0 | ||
| 008 | 240828b ||||| |||| 00| 0 eng d | ||
| 082 | _aDPer 647.95 J826 January-December 2019 v. 22 n.1-6 | ||
| 100 |
_aMcNeil, Paige. _eauthor. _959228 |
||
| 245 |
_aCustomer satisfaction in gourmet food trucks : _bexploring attributes and their relationship with customer satisfaction / _cPaige McNeil. and Cheri A. Young. |
||
| 260 |
_aPhiladelphia ; _bTaylor & Francis Group , _cJuly-August 2019. |
||
| 300 |
_aVolume 22, pages 326-350 : _billustration ; _c26 cm. |
||
| 500 | _aJournal of Foodservice Business Research, vol. 22, no. 4, pages 326-350, July-August 2019. | ||
| 700 |
_aMcNeil, Paige. _eauthor. _959228 |
||
| 700 |
_aYoung, Cheri A. _eauthor. _959229 |
||
| 942 |
_2ddc _cPER |
||
| 999 |
_c20978 _d20978 |
||